000 003470000a22001210004500
090 _aAS
_bSeriadas
245 1 0 _aCangrejos gecarcinidos (<Crustacea; Gecarcinidae>) de Colombia
041 0 _aEspañol
700 1 _aManjarrés, Gustavo
_999366
100 1 _aPrahl, Henry von
_93651
942 _cARTICULO
773 1 _tCaldasia
_345
_h66
_q149-167
_d1984
_g14
999 _c14798
_d14798